<?xml version="1.0" encoding="UTF-8"?>
<record
    xmlns:xsi="http://www.w3.org/2001/XMLSchema-instance"
    xsi:schemaLocation="http://www.loc.gov/MARC21/slim http://www.loc.gov/standards/marcxml/schema/MARC21slim.xsd"
    xmlns="http://www.loc.gov/MARC21/slim">

  <leader>01768nam0a2200445 i 4500</leader>
  <controlfield tag="001">RU\NLR\BIBL_A\010788614</controlfield>
  <controlfield tag="005">20241103095624.0</controlfield>
  <datafield tag="010" ind1=" " ind2=" ">
    <subfield code="a">9785911032067</subfield>
  </datafield>
  <datafield tag="035" ind1=" " ind2=" ">
    <subfield code="a">(NILC)LIBNET\0000548826</subfield>
  </datafield>
  <datafield tag="035" ind1=" " ind2=" ">
    <subfield code="a">(NLR Aleph) 010788614</subfield>
  </datafield>
  <datafield tag="090" ind1=" " ind2=" ">
    <subfield code="a">10105095</subfield>
    <subfield code="c">10105095</subfield>
  </datafield>
  <datafield tag="100" ind1=" " ind2=" ">
    <subfield code="a">20150625d2015    um y0rusy50      ca</subfield>
  </datafield>
  <datafield tag="101" ind1="1" ind2=" ">
    <subfield code="a">rus</subfield>
    <subfield code="c">eng</subfield>
  </datafield>
  <datafield tag="102" ind1=" " ind2=" ">
    <subfield code="a">RU</subfield>
  </datafield>
  <datafield tag="105" ind1=" " ind2=" ">
    <subfield code="a">a|||z|||001yy</subfield>
  </datafield>
  <datafield tag="200" ind1="1" ind2=" ">
    <subfield code="a">&#x414;&#x43E;&#x43B;&#x433;: &#x43F;&#x435;&#x440;&#x432;&#x44B;&#x435; 5000 &#x43B;&#x435;&#x442; &#x438;&#x441;&#x442;&#x43E;&#x440;&#x438;&#x438;</subfield>
    <subfield code="f">&#x414;&#x44D;&#x432;&#x438;&#x434; &#x413;&#x440;&#x435;&#x431;&#x435;&#x440;</subfield>
    <subfield code="g">[&#x43F;&#x435;&#x440;. &#x441; &#x430;&#x43D;&#x433;&#x43B;.: &#x410;. &#x414;&#x443;&#x43D;&#x430;&#x435;&#x432;]</subfield>
  </datafield>
  <datafield tag="210" ind1=" " ind2=" ">
    <subfield code="a">&#x41C;&#x43E;&#x441;&#x43A;&#x432;&#x430;</subfield>
    <subfield code="c">&#x410;&#x434; &#x41C;&#x430;&#x440;&#x433;&#x438;&#x43D;&#x435;&#x43C; &#x41F;&#x440;&#x435;&#x441;&#x441; [&#x438; &#x434;&#x440;.]</subfield>
    <subfield code="d">2015</subfield>
  </datafield>
  <datafield tag="215" ind1=" " ind2=" ">
    <subfield code="a">527 &#x441;.</subfield>
    <subfield code="d">24</subfield>
  </datafield>
  <datafield tag="300" ind1=" " ind2=" ">
    <subfield code="a">&#x417;&#x430;&#x433;&#x43B;. &#x438; &#x430;&#x432;&#x442;. &#x43E;&#x440;&#x438;&#x433;.: Debt / David Graeber</subfield>
  </datafield>
  <datafield tag="300" ind1=" " ind2=" ">
    <subfield code="a">&#x417;&#x430;&#x433;&#x43B;. &#x43A;&#x43E;&#x440;&#x435;&#x448;&#x43A;&#x430;: &#x414;&#x43E;&#x43B;&#x433;</subfield>
  </datafield>
  <datafield tag="300" ind1=" " ind2=" ">
    <subfield code="a">&#x412; &#x442;&#x435;&#x43A;&#x441;&#x442;&#x435; &#x430;&#x43D;&#x43D;&#x43E;&#x442;. &#x430;&#x432;&#x442;.: &#x413;&#x440;&#x435;&#x431;&#x435;&#x440; &#x414;. &#x430;&#x43D;&#x442;&#x440;&#x43E;&#x43F;&#x43E;&#x43B;&#x43E;&#x433;, &#x43F;&#x440;&#x43E;&#x444;. &#x41B;&#x43E;&#x43D;&#x434;&#x43E;&#x43D;. &#x448;&#x43A;. &#x44D;&#x43A;&#x43E;&#x43D;&#x43E;&#x43C;&#x438;&#x43A;&#x438;</subfield>
  </datafield>
  <datafield tag="320" ind1=" " ind2=" ">
    <subfield code="a">&#x411;&#x438;&#x431;&#x43B;&#x438;&#x43E;&#x433;&#x440;.: &#x441;. 492-527 &#x438; &#x432; &#x442;&#x435;&#x43A;&#x441;&#x442;&#x435; &#x43F;&#x440;&#x438;&#x43C;&#x435;&#x447;.</subfield>
  </datafield>
  <datafield tag="320" ind1=" " ind2=" ">
    <subfield code="a">&#x423;&#x43A;&#x430;&#x437;.: &#x441;. 474-491</subfield>
  </datafield>
  <datafield tag="454" ind1=" " ind2="0">
    <subfield code="1">2001#$aDebt</subfield>
    <subfield code="1">700#1$aGraeber$bD.$gDavid</subfield>
    <subfield code="t">Debt</subfield>
    <subfield code="a">Graeber, David</subfield>
  </datafield>
  <datafield tag="516" ind1="1" ind2=" ">
    <subfield code="a">&#x414;&#x43E;&#x43B;&#x433;</subfield>
  </datafield>
  <datafield tag="606" ind1="1" ind2=" ">
    <subfield code="a">&#x414;&#x43E;&#x43B;&#x433;&#x438;</subfield>
    <subfield code="9">988156</subfield>
    <subfield code="3">RU\NLR\AUTH\66372882</subfield>
  </datafield>
  <datafield tag="606" ind1="1" ind2=" ">
    <subfield code="a">&#x41A;&#x440;&#x435;&#x434;&#x438;&#x442;</subfield>
    <subfield code="x">&#x418;&#x441;&#x442;&#x43E;&#x440;&#x438;&#x44F;</subfield>
    <subfield code="9">2482111</subfield>
    <subfield code="3">RU\NLR\AUTH\661473359</subfield>
  </datafield>
  <datafield tag="606" ind1=" " ind2=" ">
    <subfield code="a">&#x41C;&#x435;&#x43D;&#x43E;&#x432;&#x430;&#x44F; &#x442;&#x43E;&#x440;&#x433;&#x43E;&#x432;&#x43B;&#x44F;</subfield>
    <subfield code="9">1588336</subfield>
    <subfield code="3">RU\NLR\AUTH\66697801</subfield>
  </datafield>
  <datafield tag="606" ind1=" " ind2=" ">
    <subfield code="a">&#x42D;&#x43A;&#x43E;&#x43D;&#x43E;&#x43C;&#x438;&#x447;&#x435;&#x441;&#x43A;&#x430;&#x44F; &#x438;&#x441;&#x442;&#x43E;&#x440;&#x438;&#x44F;</subfield>
    <subfield code="9">1013597</subfield>
    <subfield code="3">RU\NLR\AUTH\66386241</subfield>
  </datafield>
  <datafield tag="686" ind1=" " ind2=" ">
    <subfield code="a">63.3(0)-2</subfield>
    <subfield code="v">LBC/PL</subfield>
    <subfield code="2">rubbk</subfield>
  </datafield>
  <datafield tag="686" ind1=" " ind2=" ">
    <subfield code="a">65.262-03</subfield>
    <subfield code="v">LBC/PL</subfield>
    <subfield code="2">rubbk</subfield>
  </datafield>
  <datafield tag="686" ind1="1" ind2=" ">
    <subfield code="a">&#x423;26(0)22</subfield>
  </datafield>
  <datafield tag="686" ind1="1" ind2=" ">
    <subfield code="a">&#x423;03(0)</subfield>
  </datafield>
  <datafield tag="686" ind1="1" ind2=" ">
    <subfield code="a">&#x423;010.1</subfield>
  </datafield>
  <datafield tag="700" ind1=" " ind2="1">
    <subfield code="a">&#x413;&#x440;&#x435;&#x431;&#x435;&#x440;</subfield>
    <subfield code="b">&#x414;.</subfield>
    <subfield code="g">&#x414;&#x44D;&#x432;&#x438;&#x434;</subfield>
  </datafield>
  <datafield tag="801" ind1=" " ind2="0">
    <subfield code="a">RU</subfield>
    <subfield code="b">&#x426;&#x423;&#x41D;&#x411; &#x41C;&#x43E;&#x441;&#x43A;&#x432;&#x430;</subfield>
    <subfield code="c">20150507</subfield>
    <subfield code="g">rcr</subfield>
  </datafield>
  <datafield tag="942" ind1=" " ind2=" ">
    <subfield code="c">BOOK</subfield>
  </datafield>
  <datafield tag="980" ind1=" " ind2=" ">
    <subfield code="a">NBR</subfield>
  </datafield>
</record>
